[Event "Lima Palma Memorial U1850 1st"]
[Site "Lima"]
[Date "2018.01.25"]
[Round "5.8"]
[White "Roman, Juan Daniel"]
[Black "Ugarelli Ancasi, Juan Carlos"]
[Result "1/2-1/2"]
[WhiteElo "1751"]
[BlackElo "1595"]
[PlyCount "24"]
[EventDate "2018.01.23"]
[EventType "swiss"]
[EventRounds "8"]
[EventCountry "PER"]
[SourceTitle "EXT 2024"]
[Source "ChessBase"]
[SourceDate "2023.10.10"]
[SourceVersion "1"]
[SourceVersionDate "2023.10.10"]
[SourceQuality "1"]

1. e4 d5 2. exd5 Nf6 3. c4 e6 4. dxe6 Bxe6 5. d4 Bb4+ 6. Bd2 Qe7 7. Bxb4 Qxb4+ 8. Qd2 Nc6 9. Nf3 0-0-0 10. Bd3 Qxd2+ 11. Nbxd2 Nxd4 12. 0-0-0 Ng4 1/2-1/2

[Event "Lima Surco op 4th"]
[Site "Lima"]
[Date "2017.10.29"]
[Round "6"]
[White "Ugarelli Ancasi, Juan Carlos"]
[Black "Arauco Celestino, Arianna Sofia"]
[Result "1-0"]
[WhiteElo "1648"]
[BlackElo "1490"]
[PlyCount "111"]
[EventDate "2017.10.15"]
[EventType "swiss"]
[EventRounds "7"]
[EventCountry "PER"]
[SourceTitle "EXT 2019"]
[Source "ChessBase"]
[SourceDate "2018.10.10"]
[SourceVersion "1"]
[SourceVersionDate "2018.10.10"]
[SourceQuality "1"]

1. e4 c5 2. Nc3 a6 3. a4 e6 4. f4 b6 5. Nf3 Bb7 6. d3 g6 7. g3 Bg7 8. Bg2 Ne7 9. 0-0 0-0 10. Kh1 d5 11. e5 Qc7 12. Re1 Nbc6 13. Bd2 Rac8 14. Ne2 f6 15. d4 fxe5 16. dxe5 Nf5 17. c3 Na5 18. b3 Rfd8 19. Qb1 c4 20. Ned4 Qd7 21. b4 Nxd4 22. Nxd4 Nc6 23. Be3 Nxd4 24. Bxd4 Qc7 25. a5 bxa5 26. Rxa5 Bf8 27. Qa2 Rb8 28. Ra1 Qc6 29. Qe2 Bc8 30. Qg4 Rb5 31. R5a4 Qd7 32. Bh3 Qf7 33. Rxa6 Bxa6 34. Rxa6 Re8 35. Rxe6 Bg7 36. Rxe8+ Qxe8 37. Qe6+ Qxe6 38. Bxe6+ Kh8 39. Bd7 Rb8 40. b5 h6 41. b6 Bf8 42. Bc6 Be7 43. Bxd5 Bd8 44. b7 Bc7 45. e6+ Kh7 46. e7 Bd6 47. Be5 Bxe5 48. fxe5 Re8 49. Bc6 Rxe7 50. b8Q Kg7 51. Qd6 Kf7 52. Qf6+ Kg8 53. Bd5+ Kh7 54. Qxe7+ Kh8 55. Qf8+ Kh7 56. Qg8# 1-0

[Event "Lima Surco op 4th"]
[Site "Lima"]
[Date "2017.10.28"]
[Round "4"]
[White "Ugarelli Ancasi, Juan Carlos"]
[Black "Alza Rios, Jose Karlo"]
[Result "0-1"]
[WhiteElo "1648"]
[BlackElo "1349"]
[PlyCount "62"]
[EventDate "2017.10.15"]
[EventType "swiss"]
[EventRounds "7"]
[EventCountry "PER"]
[SourceTitle "EXT 2019"]
[Source "ChessBase"]
[SourceDate "2018.10.10"]
[SourceVersion "1"]
[SourceVersionDate "2018.10.10"]
[SourceQuality "1"]

1. e4 d6 2. d4 Nf6 3. Nc3 e5 4. d5 Be7 5. Bd3 Nbd7 6. Nge2 c6 7. Ng3 Nc5 8. 0-0 0-0 9. a4 cxd5 10. Nxd5 Nxd5 11. exd5 Nxd3 12. Qxd3 f5 13. a5 Bg5 14. b4 Bxc1 15. Rfxc1 f4 16. Ne4 Bf5 17. f3 b6 18. c4 bxa5 19. bxa5 Rc8 20. Qa3 Bxe4 21. fxe4 Rc5 22. Qb4 Qc7 23. a6 Rb8 24. Qa4 Rc8 25. Rab1 Rb8 26. Rb7 Qd8 27. Rxa7 f3 28. Qd7 Qg5 29. g4 Qxc1+ 30. Kf2 Rb2+ 31. Kg3 Qf4+ 0-1

[Event "Lima Surco op 4th"]
[Site "Lima"]
[Date "2017.10.15"]
[Round "2"]
[White "Serrano Nagamine, David Antonio"]
[Black "Ugarelli Ancasi, Juan Carlos"]
[Result "1-0"]
[WhiteElo "1980"]
[BlackElo "1648"]
[PlyCount "45"]
[EventDate "2017.10.15"]
[EventType "swiss"]
[EventRounds "7"]
[EventCountry "PER"]
[SourceTitle "EXT 2019"]
[Source "ChessBase"]
[SourceDate "2018.10.10"]
[SourceVersion "1"]
[SourceVersionDate "2018.10.10"]
[SourceQuality "1"]

1. Nf3 Nf6 2. c4 b6 3. b3 g6 4. Bb2 Bg7 5. e3 Bb7 6. Be2 d6 7. 0-0 c5 8. Nc3 Ne4 9. Qc2 Nxc3 10. Bxc3 0-0 11. Bxg7 Kxg7 12. d4 Nd7 13. d5 Nf6 14. e4 Bc8 15. h3 Bd7 16. Nd2 g5 17. f4 g4 18. e5 Nxd5 19. cxd5 gxh3 20. Qc3 Rg8 21. e6+ Kf8 22. Qxh3 fxe6 23. dxe6 1-0

[Event "Lima Surco op 4th"]
[Site "Lima"]
[Date "2017.10.15"]
[Round "1"]
[White "Ugarelli Ancasi, Juan Carlos"]
[Black "Oquiche Huarcaya, Ariana"]
[Result "1-0"]
[WhiteElo "1648"]
[BlackElo "1235"]
[PlyCount "97"]
[EventDate "2017.10.15"]
[EventType "swiss"]
[EventRounds "7"]
[EventCountry "PER"]
[SourceTitle "EXT 2019"]
[Source "ChessBase"]
[SourceDate "2018.10.10"]
[SourceVersion "1"]
[SourceVersionDate "2018.10.10"]
[SourceQuality "1"]

1. e4 e5 2. Nf3 f5 3. Nxe5 Qf6 4. d4 d6 5. Nc4 fxe4 6. Nc3 Qg6 7. Bf4 Nf6 8. Bg3 Be7 9. Ne3 0-0 10. Bc4+ Kh8 11. Ncd5 Bd8 12. Nf4 Qe8 13. c3 c6 14. d5 Bc7 15. Ne6 Bxe6 16. dxe6 d5 17. Bxc7 dxc4 18. e7 Rf7 19. Nf5 Rxe7 20. Nxe7 Qxe7 21. Qd8+ Qxd8 22. Bxd8 Nbd7 23. Bxf6 Nxf6 24. h3 Rd8 25. Rd1 Re8 26. Ke2 Nd5 27. g3 Rf8 28. Rd4 Re8 29. Rxc4 e3 30. f3 Kg8 31. Re4 Kf7 32. Rxe8 Kxe8 33. Rd1 Nf6 34. Kxe3 Ke7 35. g4 Ke6 36. f4 Nd5+ 37. Rxd5 Kxd5 38. h4 h6 39. b3 b5 40. Kd3 a5 41. c4+ Kc5 42. f5 a4 43. g5 bxc4+ 44. bxc4 Kb4 45. f6 gxf6 46. gxf6 Ka3 47. f7 Kxa2 48. f8Q Kb3 49. Qb8+ 1-0

[Event "South America-ch U16 13th"]
[Site "Santiago de Chile"]
[Date "2016.12.02"]
[Round "2"]
[White "Ugarelli Ancasi, Juan Carlos"]
[Black "Tapia Loncon, Andres Saul"]
[Result "1/2-1/2"]
[WhiteElo "1519"]
[BlackElo "1815"]
[PlyCount "72"]
[EventDate "2016.12.01"]
[EventType "swiss"]
[EventRounds "9"]
[EventCountry "CHI"]
[SourceTitle "EXT 2018"]
[Source "ChessBase"]
[SourceDate "2017.10.13"]
[SourceVersion "1"]
[SourceVersionDate "2017.10.13"]
[SourceQuality "1"]

1. Nf3 Nf6 2. g3 g6 3. b3 Bg7 4. Bb2 d5 5. c4 c6 6. d3 0-0 7. Bg2 Qb6 8. Qc2 dxc4 9. dxc4 Bf5 10. Qc1 Na6 11. 0-0 Rfd8 12. Nbd2 Bh6 13. e3 Nb4 14. c5 Qa6 15. Qc4 Qxc4 16. Nxc4 Bd3 17. Rfd1 Bxc4 18. bxc4 Nd7 19. Bd4 Na6 20. Rab1 Ndxc5 21. Nd2 Bg7 22. Nb3 Bxd4 23. exd4 Nxb3 24. Rxb3 Rab8 25. Rdb1 Rxd4 26. Rxb7 Rxb7 27. Rxb7 Rxc4 28. Rxe7 Rc1+ 29. Bf1 Nb4 30. Rxa7 c5 31. Kg2 Nc6 32. Ra8+ Kg7 33. a4 c4 34. Rc8 Ne5 35. a5 Ra1 36. Bxc4 Rxa5 1/2-1/2

[Event "Lima Palma Memorial 2nd"]
[Site "Lima"]
[Date "2016.09.25"]
[Round "6.11"]
[White "Ugarelli Ancasi, Juan Carlos"]
[Black "Cruz Pereyra, Andresantoni"]
[Result "0-1"]
[WhiteElo "1564"]
[BlackElo "1977"]
[PlyCount "48"]
[EventDate "2016.09.09"]
[EventType "swiss"]
[EventRounds "7"]
[EventCountry "PER"]
[SourceTitle "EXT 2024"]
[Source "ChessBase"]
[SourceDate "2023.10.10"]
[SourceVersion "1"]
[SourceVersionDate "2023.10.10"]
[SourceQuality "1"]

1. c4 Nc6 2. Nf3 g6 3. Nc3 Bg7 4. g3 d6 5. Bg2 e5 6. e3 Nge7 7. 0-0 0-0 8. d4 Bg4 9. d5 Nb8 10. e4 Qc8 11. Be3 f5 12. Rc1 fxe4 13. Nxe4 Qf5 14. Neg5 e4 15. Nh4 Bxd1 16. Nxf5 Nxf5 17. Rfxd1 Nxe3 18. fxe3 Bh6 19. h4 Nd7 20. Re1 Bxg5 21. hxg5 Ne5 22. Rc3 a5 23. Rd1 Rf5 24. a3 Rxg5 0-1

[Event "Lima Palma Memorial 2nd"]
[Site "Lima"]
[Date "2016.09.18"]
[Round "5.7"]
[White "Gomez Huaraya, Jesus Miguel"]
[Black "Ugarelli Ancasi, Juan Carlos"]
[Result "1-0"]
[WhiteElo "1629"]
[BlackElo "1564"]
[PlyCount "49"]
[EventDate "2016.09.09"]
[EventType "swiss"]
[EventRounds "7"]
[EventCountry "PER"]
[SourceTitle "EXT 2024"]
[Source "ChessBase"]
[SourceDate "2023.10.10"]
[SourceVersion "1"]
[SourceVersionDate "2023.10.10"]
[SourceQuality "1"]

1. d4 Nf6 2. Nf3 e6 3. e3 b6 4. Bd3 Bb7 5. 0-0 c5 6. b3 h6 7. Bb2 Nc6 8. Nbd2 d5 9. Ne5 Bd6 10. Rc1 Qc7 11. f4 Ke7 12. c4 Rag8 13. cxd5 Nxd5 14. Qe2 Qd8 15. Ndc4 Ke8 16. Nxd6+ Qxd6 17. Bb5 Nde7 18. dxc5 Qd5 19. Rfd1 Qe4 20. Rd4 Qf5 21. Rcd1 Nd5 22. Bxc6+ Bxc6 23. Nxc6 g5 24. e4 Qf6 25. Rxd5 1-0

[Event "San Borja Nombre de Jesus III"]
[Site "San Borja"]
[Date "2015.08.14"]
[Round "5"]
[White "Flores Quillas, Diego Saul Rodrigo"]
[Black "Ugarelli Ancasi, Juan Carlos"]
[Result "1-0"]
[WhiteElo "1735"]
[BlackElo "1543"]
[PlyCount "69"]
[EventDate "2015.08.12"]
[EventType "swiss"]
[EventRounds "8"]
[EventCountry "PER"]
[SourceTitle "EXT 2024"]
[Source "ChessBase"]
[SourceDate "2023.10.10"]
[SourceVersion "1"]
[SourceVersionDate "2023.10.10"]
[SourceQuality "1"]

1. e4 Nc6 2. d4 d5 3. e5 Bf5 4. c3 e6 5. Bd3 Bxd3 6. Qxd3 Qd7 7. f4 Nge7 8. Nf3 Ng6 9. 0-0 Be7 10. Be3 0-0-0 11. Nbd2 f6 12. b4 fxe5 13. fxe5 Rdf8 14. Ng5 Bxg5 15. Bxg5 Nce7 16. Nb3 b6 17. Rab1 h6 18. Bxe7 Nxe7 19. Qa6+ Kb8 20. Nc5 Rxf1+ 21. Kxf1 Qc8 22. Qxc8+ Kxc8 23. Nxe6 Nf5 24. Ke2 Kd7 25. Nf4 Ne7 26. Rf1 g5 27. Nh5 Kc6 28. a4 Kb7 29. Rf7 Ng6 30. g3 g4 31. Rd7 Rf8 32. Nf6 Rxf6 33. exf6 Kc8 34. Rg7 Nf8 35. Rg8 1-0

[Event "San Borja Nombre de Jesus III"]
[Site "San Borja"]
[Date "2015.08.12"]
[Round "1"]
[White "Ugarelli Ancasi, Juan Carlos"]
[Black "Vera Canales, Mariano"]
[Result "1-0"]
[WhiteElo "1508"]
[BlackElo "1227"]
[PlyCount "71"]
[EventDate "2015.08.12"]
[EventType "swiss"]
[EventRounds "8"]
[EventCountry "PER"]
[SourceTitle "EXT 2024"]
[Source "ChessBase"]
[SourceDate "2023.10.10"]
[SourceVersion "1"]
[SourceVersionDate "2023.10.10"]
[SourceQuality "1"]

1. c4 e5 2. Nc3 Bb4 3. Nf3 f6 4. a3 Ba5 5. b4 Bb6 6. c5 Bxc5 7. bxc5 d6 8. cxd6 Qxd6 9. g3 Bg4 10. Bg2 Bxf3 11. Bxf3 Qd4 12. Bxb7 Ne7 13. Qa4+ Nbc6 14. Bxc6+ Nxc6 15. Qxc6+ Kf7 16. Qxc7+ Kg6 17. h4 Qd8 18. h5+ Kh6 19. d3+ g5 20. Qxd8 Rhxd8 21. Ne4 Rd4 22. Be3 Ra4 23. Nxf6 Rf8 24. Bxg5+ Kxg5 25. Nxh7+ Kg4 26. Rh4+ Kf5 27. Rxa4 Rh8 28. g4+ Ke6 29. Ra6+ Kd7 30. Rb1 Rc8 31. Rb7+ Kd8 32. Rd6+ Ke8 33. Re6+ Kd8 34. Nf6 Rc1+ 35. Kd2 Rc7 36. Re8# 1-0

[Event "Lima Santisimo Nombre de Jesus 4"]
[Site "Lima"]
[Date "2014.08.04"]
[Round "?"]
[White "Teran, Maria Laura"]
[Black "Ugarelli Ancasi, Juan Carlos"]
[Result "0-1"]
[WhiteElo "1322"]
[BlackElo "1444"]
[PlyCount "58"]
[EventDate "2014.08.04"]
[EventType "swiss"]
[EventRounds "8"]
[EventCountry "PER"]
[SourceTitle "EXT 2024"]
[Source "ChessBase"]
[SourceDate "2023.10.10"]
[SourceVersion "1"]
[SourceVersionDate "2023.10.10"]
[SourceQuality "1"]

1. e4 Nc6 2. Nf3 d6 3. d4 Nf6 4. Nc3 Bg4 5. Be2 e6 6. d5 exd5 7. exd5 Ne7 8. 0-0 g6 9. Re1 Bg7 10. Bb5+ Nd7 11. Bf4 0-0 12. h3 Bxf3 13. Qxf3 Nb6 14. Rad1 a6 15. Bf1 Re8 16. g4 Qd7 17. Rd3 Nc4 18. b3 Ne5 19. Bxe5 Bxe5 20. Ne4 f5 21. gxf5 Nxf5 22. Qg4 Rab8 23. Rf3 Rbd8 24. h4 Nd4 25. Qh3 Nxf3+ 26. Qxf3 Rf8 27. Qd3 Qg4+ 28. Kh1 Qxh4+ 29. Kg1 Qh2# 0-1

[Event "Lima Santisimo Nombre de Jesus 4"]
[Site "Lima"]
[Date "2014.08.04"]
[Round "8.14"]
[White "Ugarelli Ancasi, Juan Carlos"]
[Black "Reynaga, Ronald"]
[Result "0-1"]
[WhiteElo "1444"]
[BlackElo "1444"]
[PlyCount "132"]
[EventDate "2014.08.04"]
[EventType "swiss"]
[EventRounds "8"]
[EventCountry "PER"]
[SourceTitle "EXT 2024"]
[Source "ChessBase"]
[SourceDate "2023.10.10"]
[SourceVersion "1"]
[SourceVersionDate "2023.10.10"]
[SourceQuality "1"]

1. c4 c6 2. d4 d5 3. Nc3 e5 4. cxd5 cxd5 5. Nf3 e4 6. Nd2 Nc6 7. e3 Nf6 8. Nb3 Bb4 9. Be2 Bf5 10. 0-0 0-0 11. Bb5 a6 12. Bxc6 bxc6 13. Nc5 Nd7 14. N3a4 Nxc5 15. Nxc5 Qe7 16. Qc2 Rfd8 17. Bd2 Bxc5 18. Qxc5 Qg5 19. f4 Qg4 20. Rae1 Qg6 21. Ba5 Rdb8 22. Bc3 Rb5 23. Qa3 a5 24. b4 a4 25. Qc1 Bc8 26. a3 f5 27. Rf2 Rbb8 28. Rc2 Ba6 29. Bb2 Bb5 30. Rc5 Qe6 31. Qd2 Ra7 32. Qf2 g6 33. Qh4 Qe7 34. Qh6 Qg7 35. Qg5 Kf7 36. g3 Rh8 37. Qh4 h6 38. Qh3 Qf6 39. Qg2 Ke6 40. Qf2 g5 41. Rec1 Ra6 42. R1c3 Kd7 43. Rc1 g4 44. R1c3 h5 45. Rc1 h4 46. R1c3 Rh5 47. Rc2 Rb6 48. Rd2 Qh6 49. Ba1 hxg3 50. Qxg3 Rh3 51. Qf2 Rf3 52. Qg2 Rf1+ 53. Qxf1 Bxf1 54. Kxf1 Qh3+ 55. Ke1 Qxe3+ 56. Re2 Qg1+ 57. Kd2 Qxa1 58. Rc3 Qf1 59. Ke3 Qf3+ 60. Kd2 Qxf4+ 61. Rce3 Qg5 62. Kc2 f4 63. Rc3 f3 64. Rf2 e3 65. Rf1 e2 66. Re1 f2 0-1

[Event "Lima Santisimo Nombre de Jesus 3"]
[Site "Lima"]
[Date "2013.06.28"]
[Round "1"]
[White "Landa Medrano, Gabriel Aaron"]
[Black "Ugarelli Ancasi, Juan Carlos"]
[Result "1-0"]
[WhiteElo "1695"]
[BlackElo "1456"]
[PlyCount "131"]
[EventDate "2013.06.28"]
[EventType "swiss"]
[EventRounds "8"]
[EventCountry "PER"]
[SourceTitle "EXT 2024"]
[Source "ChessBase"]
[SourceDate "2023.10.10"]
[SourceVersion "1"]
[SourceVersionDate "2023.10.10"]
[SourceQuality "1"]

1. e4 Nc6 2. d4 d5 3. e5 Bf5 4. c3 e6 5. Bd3 Nge7 6. Bg5 Qd7 7. Nf3 0-0-0 8. Bxf5 exf5 9. Nbd2 h6 10. Bxe7 Bxe7 11. Qc2 f6 12. Nb3 fxe5 13. dxe5 g5 14. Nbd4 Nxd4 15. Nxd4 Bc5 16. e6 Qh7 17. 0-0-0 Bxd4 18. cxd4 f4 19. Qe2 Qe7 20. Rhe1 Rd6 21. Qg4 Re8 22. Re5 Kb8 23. Rde1 Rc6+ 24. Kb1 Qh7+ 25. Qf5 Qxf5+ 26. Rxf5 b6 27. e7 Kc8 28. Rxd5 Rd6 29. Rxd6 cxd6 30. Kc2 Kd7 31. Kd3 d5 32. Re5 Kd6 33. Rf5 Rxe7 34. Rf6+ Re6 35. Rf7 Re7 36. Rf8 Kc6 37. Rf6+ Kd7 38. Rxh6 Rg7 39. Rh8 Kc6 40. Rh6+ Kd7 41. b4 Kc7 42. b5 Kd7 43. Rc6 Rg8 44. Rh6 Rg7 45. h3 Kc7 46. Ke2 Re7+ 47. Kf3 Re4 48. h4 gxh4 49. Rxh4 Rxd4 50. Rxf4 Rd2 51. g4 Rd3+ 52. Ke2 Rh3 53. Rd4 Rh4 54. f3 Rh2+ 55. Ke3 Rxa2 56. Rxd5 Rg2 57. Kf4 Kb8 58. g5 Ra2 59. g6 Re2 60. Kg5 Re8 61. Kh5 Re3 62. g7 Rxf3 63. Kg6 Rg3+ 64. Rg5 Rxg5+ 65. Kxg5 Kc7 66. g8Q 1-0

[Event "Lima Santisimo Nombre de Jesus 1"]
[Site "Lima"]
[Date "2013.02.01"]
[Round "5"]
[White "Romero Dongo, Sebastian Alejandro"]
[Black "Ugarelli Ancasi, Juan Carlos"]
[Result "0-1"]
[WhiteElo "1524"]
[BlackElo "1417"]
[PlyCount "74"]
[EventDate "2013.01.31"]
[EventType "swiss"]
[EventRounds "8"]
[EventCountry "PER"]
[SourceTitle "EXT 2024"]
[Source "ChessBase"]
[SourceDate "2023.10.10"]
[SourceVersion "1"]
[SourceVersionDate "2023.10.10"]
[SourceQuality "1"]

1. d4 f5 2. Bf4 d5 3. Nf3 Nc6 4. e3 Be6 5. Nc3 Qd7 6. Bb5 a6 7. Ne5 Qc8 8. Bxc6+ bxc6 9. b3 g6 10. Na4 Bg7 11. Nxc6 Bd7 12. Ne5 Bxa4 13. bxa4 Nf6 14. 0-0 0-0 15. Rb1 Ne4 16. Rb3 c5 17. f3 Nd6 18. dxc5 Bxe5 19. cxd6 Bxf4 20. exf4 Qc5+ 21. Kh1 Qxd6 22. g3 Rac8 23. Re1 e6 24. Re2 Rc6 25. Qe1 Re8 26. Rd3 Rc5 27. Qb1 Rb8 28. Rb3 Rxb3 29. Qxb3 Rc6 30. Qb2 Rb6 31. Qd4 Qc7 32. Qe5 Qc4 33. Qe3 Rc6 34. Qb3 Qxe2 35. Qb8+ Kg7 36. Qb7+ Kh6 37. Qxc6 Qf1# 0-1